| 000 | 00380nam a2200157Ia 4500 | ||
|---|---|---|---|
| 008 | 230917s9999||||xx |||||||||||||| ||und|| | ||
| 040 |
_e80734 _aMAIN |
||
| 041 | _aEnglish | ||
| 082 | _a346.03 S64L | ||
| 100 | _aSinha, Balbir Sahali | ||
| 245 | 0 | _aLaw of torts | |
| 250 | _a4th ed. | ||
| 260 |
_aLucknow _bEastern Book Company _c1981 |
||
| 300 | _axlviii, 479 p. | ||
| 942 | _cBK | ||
| 999 |
_c51639 _d51639 |
||